The Retirement process report of a conference 1966 (Record no. 1447960)

MARC details
000 -LEADER
fixed length control field 00555nam a2200193Ia 4500
005 - DATE AND TIME OF LATEST TRANSACTION
control field 20250923145150.0
008 - FIXED-LENGTH DATA ELEMENTS--GENERAL INFORMATION
fixed length control field 008 250917s9999 xx 000 0 eng d
037 ## - SOURCE OF ACQUISITION
Stock number Textual
040 ## - CATALOGING SOURCE
Original cataloging agency DSWL
Language of cataloging eng
Transcribing agency DSWL
041 ## - LANGUAGE CODE
Language code of text/sound track or separate title eng
Source of code eng
084 ## - COLON CLASSIFICATION NUMBER
Classification number YX
Assigning agency DSWL
245 #4 - TITLE STATEMENT
Title The Retirement process report of a conference 1966
Statement of responsibility, etc. Ed. by Frances M. Carp
260 ## - PUBLICATION, DISTRIBUTION, ETC.
Place of publication, distribution, etc. USA
Name of publisher, distributor, etc. U.S. Department of Health, Education and Welfare
Date of publication, distribution, etc. 1967
300 ## - PHYSICAL DESCRIPTION
Extent xxi,260p.
365 ## - TRADE PRICE
Price type code INR
Price amount 70
925 ## -
-- 70
942 ## - ADDED ENTRY ELEMENTS (KOHA)
Koha item type Textual
Classification part YX
Holdings
Withdrawn status Lost status Damaged status Not for loan Home library Current library Date acquired Inventory number Total Checkouts Full call number Barcode Date last seen Price effective from Koha item type
        Department of Social Work Library Department of Social Work Library 2025-09-23 Gift   YX SW0013764 2025-09-23 2025-09-23 Textual
Copyright @ Delhi University Library System